Statistics for Countries with Hilly Tropical Beaches

Click here to take the quiz!

General Stats

  • This quiz has been taken 45 times
    (36 since last reset)
  • The average score is 47 of 62

Answers on the Map

Answers color-coded by a green-red scale on the quiz's map according to % correct below.
 

Answer Stats

Answer% Correct
United States (Puerto Rico, Virgin Islands)
97%
Mexico
97%
United States (Hawaii, American Samoa)
97%
Brazil
93%
Costa Rica
93%
Cuba
93%
Australia
90%
Colombia
90%
France (Guadeloupe, Martinique)
90%
Panama
90%
France (French Guiana)
90%
France (French Polynesia, New Caledonia, Wallis and Futuna)
90%
Haiti
90%
Jamaica
87%
Dominican Republic
87%
Honduras
87%
Venezuela
87%
China
83%
India
83%
Indonesia
83%
Madagascar
83%
Malaysia
83%
Thailand
83%
Cambodia
80%
Nicaragua
80%
Ecuador
80%
Myanmar
80%
Papua New Guinea
80%
Philippines
80%
Vietnam
80%
Dominica
77%
Japan
77%
New Zealand (Cook Islands)
77%
Bangladesh
73%
Barbados
73%
El Salvador
73%
Fiji
73%
Saint Lucia
73%
Solomon Islands
73%
Taiwan
73%
Trinidad and Tobago
73%
Antigua and Barbuda
70%
Grenada
70%
Saint Kitts and Nevis
70%
Saint Vincent and the Grenadines
70%
Vanuatu
70%
Mauritius
67%
Micronesia
67%
Sao Tome and Principe
67%
Seychelles
67%
United Kingdom (Pitcairn)
67%
United Kingdom (Virgin Islands, Montserrat)
67%
Palau
63%
Samoa
63%
Tonga
63%
Comoros
57%
East Timor
53%
East Timor
53%
Cameroon
50%
Equatorial Guinea
50%
Netherlands (Saba)
43%
Sierra Leone
37%

Score Distribution

Percentile by Number Answered

Percent of People with Each Score

Your Score History

You have not taken this quiz since the last reset